| 000 | 01760cam a2200325 a 4500 | ||
|---|---|---|---|
| 001 | 15821606 | ||
| 003 | OSt | ||
| 005 | 20150408114155.0 | ||
| 008 | 090717s2010 flua b 001 0 eng | ||
| 010 | _a 2009026764 | ||
| 020 | _a9781439802472 (hardcover : alk. paper) | ||
| 020 | _a1439802475 (hardcover : alk. paper) | ||
| 035 | _a(OCoLC)ocn277196164 | ||
| 040 |
_aDLC _cDLC _dBTCTA _dYDXCP _dC#P _dOKU _dDLC |
||
| 050 | 0 | 0 |
_aTA405 _b.B676 2010 |
| 082 | 0 | 0 |
_a620.105 _222 _bBAA |
| 100 | 1 |
_aBower, Allan F. _940570 |
|
| 245 | 1 | 0 |
_aApplied mechanics of solids / _cAllan F. Bower. |
| 260 |
_aBoca Raton : _bCRC Press, _cc2010. |
||
| 300 |
_axxv, 794 p. : _bill. ; _c27 cm. |
||
| 504 | _aIncludes bibliographical references and index. | ||
| 505 | 0 | _aGoverning equations -- Constitutive models : relations between stress and strain -- Solutions to simple boundary and initial value problems -- Solutions for linear elastic solids -- Solutions for plastic solids -- Finite element analysis -- Finite element analysis : theory and implementation -- Modeling material failure -- Solutions for rods, beams, membranes, plates, and shells -- Appendix A : review of vectors and matrices -- Appendix B : introduction to tensors and their properties -- Appendix C : index notation for vector and tensor operations -- Appendix D : vectors and tensor operations in polar coordinates -- Appendix E : miscellaneous derivations. | |
| 650 | 0 | _aMechanics, Applied. | |
| 650 | 0 |
_aSolids. _919064 |
|
| 650 | 0 |
_aElasticity. _940016 |
|
| 650 | 0 |
_aStrength of materials. _912054 |
|
| 906 |
_a7 _bcbc _corignew _d1 _eecip _f20 _gy-gencatlg |
||
| 942 |
_2ddc _cDVD |
||
| 999 |
_c32384 _d266884 |
||